Statistics for Reykjavík Trivia

Click here to take the quiz!

General Stats

  • This quiz has been taken 6 times
  • The average score is 5 of 15

Answer Stats

Clue Answer % Correct
Country of which Reykjavík is the capitalIceland
100%
Largest airport serving ReykjavíkKeflavík International Airport
50%
Iceland's parliament, founded in Þingvellir in the year 930Althing
50%
Country that occupied Reykjavík in World War IIUnited Kingdom
50%
World leaders who met at Hofdi in 1986Ronald Reagan
50%
Tallest building, and arguably the most iconicHallgrímskirkja
33%
There is a statue of this famous Icelander in front of the aboveLeif Erikson
33%
Large music venue and concert hall near Reykjavik's harborHarpa
33%
English meaning of "Reykjavík"Smoky Bay
33%
Mikhail Gorbachev
33%
Volcano which erupted in 2010, forcing the cancellation of thousands of flightsEyjafjallajökull
17%
Artistic statue of a viking ship along the coastSólfarið
0%
Original name of the cityReykjarvík
0%
The founder of Reykjavík, according to traditionIngólfr Arnarson
0%
Sheriff under Danish rule, known as the "Father of Reykjavík"Skúli Magnússon
0%

Score Distribution

Percentile by Number Answered

Percent of People with Each Score

Your Score History

You have not taken this quiz